000 00835nam a2200205Ii 4500
003 JO-AjNU
008 230605s9999||||xx |||||||||||||| ||und||
017 _a1987/738
040 _aJO-AjNU
_bara
_erda
_cJO-AjNU
041 _aara
050 1 4 _aHJ9750 .S2988 1987
100 3 _aالسيرية، محمد علي احمد,
_eauthor
_945489
245 0 0 _aمحاسبة التكاليف: دراسة نظرية واجراءات تطبيقية
264 3 1 _aبغداد: وزارة التعليم العالي والبحث العلمي، جامعة الموصل، 1987
300 _a508ص
_bيحتوي على ملحق مصطلحات و ببلوغرافية من 505-508ص
336 _atext
_btxt
_2rdacontent
337 _aunmediated
_bn
_2rdamedia
338 _avolume
_bnc
_2rdacarrier
650 4 _aمحاسبة التكاليف
_945490
999 _aA19723
_c23291
_d23291